| 000 | 00418nam a2200157Ia 4500 | ||
|---|---|---|---|
| 008 | 241127s9999||||xx |||||||||||||| ||und|| | ||
| 020 |
_a9780443070358 _c00 |
||
| 040 |
_beng _cSSK Library _erda |
||
| 082 | _a616.021/HAS | ||
| 245 | 0 | _aDavidson's Principles And Practice Of Medicine | |
| 250 | _a19th ed | ||
| 260 |
_b Churchill Livingstone _c©2002 |
||
| 942 |
_22ddc _cBOOK _nNo |
||
| 999 |
_c12207 _d12207 |
||
| 003 | OSt | ||
| 005 | 20241127152909.0 | ||